| 000 | 01158pam a2200301 a 4500 | ||
|---|---|---|---|
| 001 | 1560371 | ||
| 003 | NUST - PNEC | ||
| 005 | 20170116181022.0 | ||
| 008 | 920626s1993 nyua 001 0 eng | ||
| 010 | _a 92025594 | ||
| 020 | _a0070375097 (recycled, acidfree paper) | ||
| 040 | _cLIBRARY | ||
| 082 | 0 | 0 | _a697 LEV |
| 100 | 1 | _aLevenhagen, John I. | |
| 245 | 1 | 0 |
_aHVAC controls and systems / _cJohn I. Levenhagen, Donald H. Spethmann. |
| 260 |
_aNew York : _bMcGraw-Hill, _cc1993. |
||
| 300 |
_axiii, 334 p. : _bill. ; _c24 cm. |
||
| 500 | _aIncludes index. | ||
| 650 | 0 |
_aHeating _xME |
|
| 650 | 0 |
_aAir conditioning _xControl. |
|
| 700 | 1 | _aSpethmann, Donald H. | |
| 856 | 4 | 2 |
_3Contributor biographical information _uhttp://www.loc.gov/catdir/bios/mh041/92025594.html |
| 856 | 4 | 2 |
_3Publisher description _uhttp://www.loc.gov/catdir/description/mh022/92025594.html |
| 856 | 4 | 1 |
_3Table of contents _uhttp://www.loc.gov/catdir/toc/mh021/92025594.html |
| 906 |
_a7 _bcbc _corignew _d1 _eocip _f19 _gy-gencatlg |
||
| 942 |
_2ddc _cBK |
||
| 999 |
_c67448 _d67448 |
||